[Event "25th Abu Dhabi Master 2018"]
[Site "Abu Dhabi"]
[Date "2018.08.13"]
[Round "7"]
[White "Narayanan S L"]
[Black "Maghsoodloo, Parham"]
[Result "0-1"]
[WhiteElo "2574"]
[BlackElo "2636"]
[Annotator "TA"]
[PlyCount "104"]
[EventDate "2018.08.05"]
[EventType "swiss"]
[EventCountry "UAE"]
[SourceTitle "playchess.com"]
[Source "ChessBase"]
[SourceQuality "1"]

1. d4 Nf6 2. c4 e6 3. Nf3 a6 4. Nc3 d5 5. cxd5 exd5 6. Bg5 Be6 7. e3 Nbd7 8. Bd3 Bd6 9. Qc2 c6 10. Bf4 Qc7 11. Bxd6 Qxd6 12. h3 O-O 13. O-O g6 14. Na4 Qe7 15. b4 Ne8 16. Nc5 Nd6 17. a4 Nb6 18. Rfe1 Bf5 19. Bxf5 Nxf5 20. a5 Nc8 21. e4 dxe4 22. Rxe4 Qc7 23. Rae1 Ncd6 24. Re5 Rae8 25. Qd3 Ne7 26. Ne4 f6 27. Re6 Nd5 28. Nxd6 Rxe6 29. Rxe6 Qd7 30. Nxb7 Qxe6 31. Nc5 Qd6 32. Qxa6 Nxb4 33. Qa7 Nd5 34. a6 Qc7 35. Qxc7 Nxc7 36. Nd7 Ra8 37. Nxf6+ Kg7 38. Nd7 Ne6 39. d5 cxd5 40. Nb6 Rxa6 41. Nxd5 Ra1+ 42. Kh2 Ra2 43. Kg1 Nc5 44. Nf4 Ra1+ 45. Kh2 Rf1 46. Ne5 Rxf2 47. Ned3 Nxd3 48. Nxd3 Ra2 49. h4 Kf6 50. Ne1 Kf5 51. Nf3 Kg4 52. Ng5 Kxh4 0-1

[Event "25th Abu Dhabi Master 2018"]
[Site "Abu Dhabi"]
[Date "2018.08.13"]
[Round "7"]
[White "Istratescu, Andrei"]
[Black "Samhouri, Admah Fawzi"]
[Result "1-0"]
[WhiteElo "2573"]
[BlackElo "2348"]
[Annotator "RC"]
[PlyCount "101"]
[EventDate "2018.08.05"]
[EventType "swiss"]
[EventCountry "UAE"]
[SourceTitle "playchess.com"]
[Source "ChessBase"]
[SourceQuality "1"]

1. e4 c5 2. Nf3 d6 3. d4 cxd4 4. Qxd4 Nc6 5. Bb5 Bd7 6. Qd3 Nf6 7. c4 Ne5 8. Nxe5 dxe5 9. Bxd7+ Qxd7 10. Qxd7+ Kxd7 11. f3 e6 12. Ke2 Bc5 13. Be3 Bxe3 14. Kxe3 Rhc8 15. Nd2 a5 16. Rhc1 Ke7 17. Rc3 Nd7 18. Rac1 b6 19. Nb3 Rc6 20. R1c2 Rd8 21. Nc1 Nc5 22. Nd3 Nxd3 23. Rxd3 Rdc8 24. Rdc3 Rc5 25. a4 h5 26. b3 Rd8 27. Rd2 Rxd2 28. Kxd2 g5 29. Rd3 Rc6 30. Kc3 h4 31. b4 axb4+ 32. Kxb4 Rc5 33. g3 h3 34. g4 Ra5 35. Rd1 f5 36. gxf5 exf5 37. exf5 Kf6 38. Rd6+ Kxf5 39. Rxb6 Ra8 40. a5 Kf4 41. Rf6+ Ke3 42. a6 Kf2 43. Ka5 Rg8 44. a7 Kg2 45. Rb6 Ra8 46. Rb2+ Kxf3 47. Ka6 e4 48. Kb7 Rxa7+ 49. Kxa7 e3 50. c5 e2 51. Rb1 1-0

[Event "25th Abu Dhabi Master 2018"]
[Site "Abu Dhabi"]
[Date "2018.08.13"]
[Round "7"]
[White "Fier, Alexandr"]
[Black "Ahmad, Al Khatib"]
[Result "1-0"]
[WhiteElo "2561"]
[BlackElo "2336"]
[Annotator "TA"]
[PlyCount "63"]
[EventDate "2018.08.05"]
[EventType "swiss"]
[EventCountry "UAE"]
[SourceTitle "playchess.com"]
[Source "ChessBase"]
[SourceQuality "1"]

1. e4 c5 2. Nf3 g6 3. d4 cxd4 4. Nxd4 Nc6 5. c4 Nf6 6. Nc3 Nxd4 7. Qxd4 d6 8. f3 Bg7 9. Be3 O-O 10. Qd2 a5 11. Na4 Nd7 12. O-O-O b6 13. h4 Ba6 14. Kb1 Nc5 15. Nc3 f5 16. h5 fxe4 17. hxg6 hxg6 18. Nxe4 Nxe4 19. Qd5+ Rf7 20. Qxe4 Qc8 21. Bd3 Rf6 22. Qd5+ e6 23. Qxd6 Bxc4 24. Be4 Rb8 25. Rc1 b5 26. b3 Qe8 27. Bg5 Rf8 28. Qh2 Rf5 29. Qh7+ Kf7 30. Bh6 Qf8 31. Bxg7 Qxg7 32. Qxg7+ 1-0

[Event "25th Abu Dhabi Master 2018"]
[Site "Abu Dhabi"]
[Date "2018.08.13"]
[Round "7"]
[White "Debashis, Das"]
[Black "Aaryan, Varshney"]
[Result "1-0"]
[WhiteElo "2539"]
[BlackElo "2261"]
[Annotator "TA"]
[PlyCount "183"]
[EventDate "2018.08.05"]
[EventType "swiss"]
[EventCountry "UAE"]
[SourceTitle "playchess.com"]
[Source "ChessBase"]
[SourceQuality "1"]

1. d4 Nf6 2. c4 e6 3. Nc3 d5 4. cxd5 exd5 5. Bg5 Be7 6. e3 O-O 7. Bd3 c6 8. Qc2 Nbd7 9. Nge2 h6 10. Bh4 Re8 11. O-O Ne4 12. Bxe7 Qxe7 13. Bxe4 dxe4 14. b4 a6 15. a4 Nf6 16. b5 axb5 17. axb5 Bg4 18. Rxa8 Rxa8 19. bxc6 bxc6 20. Ng3 c5 21. dxc5 Qxc5 22. Ngxe4 Nxe4 23. Qxe4 Rc8 24. Nd5 Be6 25. Nf4 Qf5 26. Qd4 Qc5 27. Qa1 Qc3 28. Qb1 Qc2 29. Qb7 Qc6 30. Qb1 Qc2 31. h3 Qxb1 32. Rxb1 Bf5 33. Rb6 g5 34. Ne2 Kg7 35. Nd4 Bh7 36. Kh2 Ra8 37. Rb2 Ra1 38. Kg3 Ra5 39. h4 Bg6 40. Rb6 Re5 41. Rb3 Re4 42. Nf3 Bh5 43. hxg5 hxg5 44. Rb5 f6 45. Rb7+ Kh6 46. Nd4 Bg6 47. Rb6 Kg7 48. Rb7+ Kh6 49. Rb3 f5 50. Rb6 f4+ 51. Kf3 g4+ 52. Ke2 g3 53. Rf6 fxe3 54. fxe3 Kg5 55. Rb6 Bh5+ 56. Nf3+ Bxf3+ 57. Kxf3 Re5 58. Rb4 Kh5 59. Rf4 Re8 60. Re4 Rg8 61. Rd4 Rg7 62. Rd1 Kg5 63. Kxg3 Rf7 64. Rd5+ Kg6 65. Rd4 Ra7 66. Kf4 Rf7+ 67. Kg4 Rf2 68. Rd6+ Kg7 69. g3 Rf7 70. e4 Re7 71. Kf4 Rf7+ 72. Ke3 Ra7 73. e5 Ra3+ 74. Kf4 Ra4+ 75. Kf5 Ra1 76. g4 Rf1+ 77. Kg5 Re1 78. Rd7+ Kf8 79. Kf6 Rf1+ 80. Kg6 Re1 81. Rf7+ Kg8 82. Rf5 Rg1 83. g5 Ra1 84. e6 Ra6 85. Kf6 Kf8 86. Rb5 Ra8 87. Rb7 Re8 88. Rd7 Kg8 89. e7 Kh7 90. g6+ Kh6 91. Rd8 Rxd8 92. exd8=Q 1-0

[Event "25th Abu Dhabi Master 2018"]
[Site "Abu Dhabi"]
[Date "2018.08.13"]
[Round "7"]
[White "Aryan, Chopra"]
[Black "Adly, Ahmed"]
[Result "1/2-1/2"]
[WhiteElo "2536"]
[BlackElo "2634"]
[Annotator "TA"]
[PlyCount "150"]
[EventDate "2018.08.05"]
[EventType "swiss"]
[EventCountry "UAE"]
[SourceTitle "playchess.com"]
[Source "ChessBase"]
[SourceQuality "1"]

1. e4 b6 2. d4 Bb7 3. Bd3 e6 4. Nf3 g6 5. h4 h6 6. Nc3 d6 7. Bf4 Nd7 8. Qe2 a6 9. O-O-O Bg7 10. Bg3 Ne7 11. Kb1 Qb8 12. Qe3 b5 13. Ne2 Qa7 14. Qc1 Qb6 15. Rhe1 Rc8 16. Neg1 Rd8 17. e5 dxe5 18. Nxe5 Nxe5 19. dxe5 c5 20. c3 c4 21. Bc2 Nd5 22. Nf3 b4 23. cxb4 Qxb4 24. a3 Qa5 25. Nd2 c3 26. Nc4 Qb5 27. b3 O-O 28. Nd6 Qb6 29. h5 gxh5 30. Re4 Bc6 31. Rh4 f5 32. exf6 Nxf6 33. Rb4 Qa7 34. Re1 a5 35. Rh4 Bd5 36. Nb5 Qc5 37. a4 Rf7 38. Be5 Qxf2 39. Rf4 Qd2 40. Bxc3 Qxc1+ 41. Kxc1 Rc8 42. Kb1 Ne4 43. Rxf7 Nxc3+ 44. Nxc3 Kxf7 45. Nxd5 exd5 46. Rf1+ Ke7 47. Rf5 Kd6 48. Bd1 Be5 49. Rxh5 Bf4 50. Bf3 Bg5 51. Rh1 d4 52. Rd1 Be3 53. Be2 Kc5 54. Bc4 Kb4 55. Kc2 Rc5 56. Kd3 Rg5 57. Rh1 Rxg2 58. Rh5 Rd2+ 59. Ke4 Bg5 60. Rh3 Rd1 61. Rd3 Rxd3 62. Kxd3 Be3 63. Bf7 Kc5 64. Ke4 Kd6 65. Kd3 Ke5 66. b4 axb4 67. a5 Kd6 68. Kc4 b3 69. Kxb3 Kc5 70. a6 Kb6 71. Kc4 Kxa6 72. Kd3 Kb6 73. Ke2 Kc5 74. Kf3 Kd6 75. Bg6 Ke5 1/2-1/2

[Event "25th Abu Dhabi Master 2018"]
[Site "Abu Dhabi"]
[Date "2018.08.13"]
[Round "7"]
[White "Lalith, Babu MR"]
[Black "Alinasab, Mobina"]
[Result "1-0"]
[WhiteElo "2520"]
[BlackElo "2259"]
[Annotator "TA"]
[PlyCount "171"]
[EventDate "2018.08.05"]
[EventType "swiss"]
[EventCountry "UAE"]
[SourceTitle "playchess.com"]
[Source "ChessBase"]
[SourceQuality "1"]

1. d4 e6 2. Nf3 Nf6 3. c4 a6 4. Nc3 d5 5. cxd5 exd5 6. Qb3 c6 7. Bg5 Bd6 8. e3 O-O 9. Bd3 Nbd7 10. O-O Re8 11. Rfe1 Be7 12. h3 Ne4 13. Bf4 Ndf6 14. Ne5 Nxc3 15. bxc3 c5 16. dxc5 Bxc5 17. Nf3 b6 18. Be5 Ne4 19. Rad1 Ng5 20. Nxg5 Qxg5 21. Bf4 Qh5 22. Be2 Qg6 23. Qxd5 Be6 24. Qg5 Qxg5 25. Bxg5 f6 26. Bf4 b5 27. Bf3 Rad8 28. Bb7 Bxa2 29. Ra1 Bc4 30. Bxa6 Rd3 31. Reb1 Rxc3 32. Bxb5 Bxb5 33. Rxb5 Rc2 34. Rb7 Bf8 35. Rd7 Rec8 36. Raa7 R2c6 37. g4 Re6 38. Kg2 Rec6 39. Rab7 Re6 40. Bc7 Rce8 41. Bb6 Rc6 42. Bd4 h6 43. h4 Rd6 44. Rdc7 Rd5 45. f4 Ra8 46. Kf3 Re8 47. h5 Ra5 48. Rd7 Rc8 49. Rb3 Ra6 50. Rb5 Rd6 51. Rdb7 Rcd8 52. Ke4 R6d7 53. Kf5 Kf7 54. Rxd7+ Rxd7 55. Ra5 Rd8 56. Bb6 Rb8 57. Bc5 Bxc5 58. Rxc5 Rb7 59. e4 Ra7 60. e5 fxe5 61. fxe5 Rb7 62. Rd5 Rb6 63. Rd6 Rb4 64. Rd7+ Kf8 65. Ke6 Rb6+ 66. Rd6 Rb8 67. Rc6 Re8+ 68. Kf5 Kg8 69. Kg6 Rf8 70. Rc7 Kh8 71. Rf7 Re8 72. Kf5 Ra8 73. Rd7 Kg8 74. Kg6 Ra6+ 75. Rd6 Ra8 76. e6 Kf8 77. Rd7 Ra4 78. Rf7+ Ke8 79. Rxg7 Rxg4+ 80. Kxh6 Re4 81. e7 Re5 82. Kg6 Re6+ 83. Kh7 Re5 84. h6 Re6 85. Rg6 Rxe7+ 86. Kg8 1-0

[Event "25th Abu Dhabi Master 2018"]
[Site "Abu Dhabi"]
[Date "2018.08.13"]
[Round "7"]
[White "Erigaisi, Arjun"]
[Black "Amin, Bassem"]
[Result "1/2-1/2"]
[WhiteElo "2517"]
[BlackElo "2684"]
[Annotator "TA"]
[PlyCount "38"]
[EventDate "2018.08.05"]
[EventType "swiss"]
[EventCountry "UAE"]
[SourceTitle "playchess.com"]
[Source "ChessBase"]
[SourceQuality "1"]

1. Nf3 Nf6 2. c4 g6 3. Nc3 Bg7 4. e4 d6 5. d4 O-O 6. Be2 e5 7. dxe5 dxe5 8. Qxd8 Rxd8 9. Bg5 Re8 10. Nd5 Nxd5 11. cxd5 c6 12. Bc4 cxd5 13. Bxd5 Nd7 14. Nd2 Nb6 15. Bb3 Be6 16. O-O-O f6 17. Bxe6+ Rxe6 18. Be3 Bf8 19. Kb1 Rc8 1/2-1/2

[Event "25th Abu Dhabi Master 2018"]
[Site "Abu Dhabi"]
[Date "2018.08.13"]
[Round "7"]
[White "Vishnu, Prasanna V"]
[Black "Omar, Noaman"]
[Result "0-1"]
[WhiteElo "2517"]
[BlackElo "2353"]
[Annotator "TA"]
[PlyCount "140"]
[EventDate "2018.08.05"]
[EventType "swiss"]
[EventCountry "UAE"]
[SourceTitle "playchess.com"]
[Source "ChessBase"]
[SourceQuality "1"]

1. e4 e6 2. f4 d5 3. e5 c5 4. Nf3 Ne7 5. c3 Nf5 6. Na3 Be7 7. Nc2 Nc6 8. d4 cxd4 9. cxd4 Qb6 10. Bd3 Bd7 11. Bxf5 exf5 12. O-O Rc8 13. Rf2 g6 14. Nce1 O-O 15. Be3 Na5 16. Nd3 Nc4 17. Bc1 Na5 18. b3 Bb5 19. Bb2 Bxd3 20. Qxd3 Nc6 21. Re2 Nd8 22. Rf1 Ne6 23. Ne1 h5 24. Nc2 Rfd8 25. a4 Qa6 26. Qd1 Qa5 27. Qd2 Qxd2 28. Rxd2 Rd7 29. g3 b5 30. a5 f6 31. Rfd1 Kf7 32. Kf1 Bd8 33. Ra1 Be7 34. Ke2 h4 35. Kf3 g5 36. exf6 g4+ 37. Kg2 h3+ 38. Kf2 Bxf6 39. Nb4 Be7 40. Nd3 Bf6 41. Nb4 Be7 42. Nc2 Ng7 43. Re2 Ne8 44. Ne1 Nd6 45. Nd3 Ne4+ 46. Ke3 Rdc7 47. b4 Rc4 48. Ne5+ Ke6 49. Nxc4 dxc4 50. d5+ Kxd5 51. Rd1+ Ke6 52. Bd4 Rd8 53. Ree1 Bxb4 54. Bxa7 Ra8 55. Bb6 Bxe1 56. Rxe1 Kd5 57. Rd1+ Kc6 58. Kd4 Re8 59. Ra1 Re7 60. Ra2 Nd6 61. Kc3 Rd7 62. Kb4 Ne4 63. Rb2 Nf6 64. Bf2 Nd5+ 65. Ka3 Nc7 66. Re2 Rd3+ 67. Kb2 b4 68. Kc1 Ra3 69. Bb6 c3 70. Re5 Nd5 0-1

[Event "25th Abu Dhabi Master 2018"]
[Site "Abu Dhabi"]
[Date "2018.08.13"]
[Round "7"]
[White "Kuybokarov, Temur"]
[Black "Yuffa, Daniil"]
[Result "1-0"]
[WhiteElo "2499"]
[BlackElo "2570"]
[Annotator "TA"]
[PlyCount "107"]
[EventDate "2018.08.05"]
[EventType "swiss"]
[EventCountry "UAE"]
[SourceTitle "playchess.com"]
[Source "ChessBase"]
[SourceQuality "1"]

1. d4 Nf6 2. c4 c5 3. d5 g6 4. Nc3 Bg7 5. e4 d6 6. h3 e6 7. Nf3 exd5 8. exd5 O-O 9. Bd3 Qe7+ 10. Be3 Bh6 11. O-O Bxe3 12. Qe2 Nbd7 13. Rae1 Re8 14. Nb5 Ne5 15. Qxe3 Qd8 16. Nxe5 Rxe5 17. Qg3 Nh5 18. Qh2 f6 19. g4 Ng7 20. Rxe5 dxe5 21. f4 e4 22. Bxe4 f5 23. Bf3 a6 24. Nc3 b5 25. Qf2 bxc4 26. Qxc5 fxg4 27. hxg4 Qh4 28. d6 Qg3+ 29. Bg2 Bb7 30. Ne4 Bxe4 31. Qxc4+ Kf8 32. Qxe4 Re8 33. Qb4 a5 34. Qc5 Ne6 35. Qe5 Qxg4 36. d7 Rd8 37. Qf6+ Kg8 38. Re1 Rxd7 39. Qxe6+ Qxe6 40. Rxe6 Rd4 41. Ra6 a4 42. Bc6 Rb4 43. Bxa4 Rxb2 44. Bb3+ Kg7 45. Rc6 Kh6 46. Rc2 Rb1+ 47. Kf2 Kh5 48. Kg3 Kh6 49. Rh2+ Kg7 50. Rd2 Kh6 51. Rd1 Rb2 52. Rd7 g5 53. Rd6+ Kg7 54. f5 1-0

[Event "25th Abu Dhabi Master 2018"]
[Site "Abu Dhabi"]
[Date "2018.08.13"]
[Round "7"]
[White "Sindarov, Javokhir"]
[Black "Mithil, Ajgaonkar"]
[Result "1-0"]
[WhiteElo "2488"]
[BlackElo "2318"]
[Annotator "ChessBase"]
[PlyCount "103"]
[EventDate "2018.08.05"]
[EventType "swiss"]
[EventCountry "UAE"]
[SourceTitle "playchess.com"]
[Source "ChessBase"]
[SourceQuality "1"]

1. e4 c6 2. d4 d5 3. f3 e6 4. Nc3 Qb6 5. a3 Nf6 6. e5 Nfd7 7. f4 c5 8. Nf3 Nc6 9. Be3 cxd4 10. Nxd4 Bc5 11. Na4 Qa5+ 12. b4 Qxa4 13. Bb5 Bxd4 14. Bxa4 Bxe3 15. Qf3 Bb6 16. c4 O-O 17. c5 Bc7 18. O-O a5 19. Qc3 f6 20. b5 Ne7 21. b6 Bd8 22. Rab1 Nf5 23. g4 Nh6 24. exf6 Bxf6 25. Qe3 Nf7 26. c6 Nb8 27. g5 Be7 28. Rfc1 Na6 29. cxb7 Bxb7 30. Bc6 Bc5 31. Rxc5 Nxc5 32. Qxc5 Rac8 33. Qe7 Bxc6 34. b7 Rb8 35. Qc7 Ba4 36. Rc1 g6 37. Qxb8 Rxb8 38. Rc8+ Kg7 39. Rxb8 Nd6 40. Rg8+ Kxg8 41. b8=Q+ Ne8 42. Qb6 Kf7 43. Qxa5 Bc2 44. Qa7+ Kg8 45. a4 Be4 46. a5 Ng7 47. Qb8+ Kf7 48. Qa7+ Kg8 49. a6 Nf5 50. Qb8+ Kf7 51. Qb7+ Ne7 52. a7 1-0

[Event "25th Abu Dhabi Master 2018"]
[Site "Abu Dhabi"]
[Date "2018.08.13"]
[Round "7"]
[White "Kunte, Abhijit"]
[Black "Gupta, Sankalp"]
[Result "0-1"]
[WhiteElo "2485"]
[BlackElo "2304"]
[Annotator "ChessBase"]
[PlyCount "62"]
[EventDate "2018.08.05"]
[EventType "swiss"]
[EventCountry "UAE"]
[SourceTitle "playchess.com"]
[Source "ChessBase"]
[SourceQuality "1"]

1. d4 Nf6 2. Nf3 g6 3. e3 Bg7 4. Be2 O-O 5. O-O d5 6. b4 c6 7. Nbd2 a5 8. b5 Ne4 9. Bb2 a4 10. Rb1 Nd7 11. Ba1 c5 12. c4 cxd4 13. Nxd4 Nxd2 14. Qxd2 dxc4 15. Rfd1 Nb6 16. Qb4 Qd6 17. Qc3 Qc5 18. Rbc1 Re8 19. Bf3 e5 20. Nc2 a3 21. Nb4 Qxb5 22. Nd5 Nxd5 23. Rxd5 Qa6 24. Rc5 Bf5 25. Rxc4 Rac8 26. Bd5 b5 27. Rc7 Be6 28. Bb7 Rxc7 29. Qxc7 Qa7 30. Qc6 Rb8 31. Ba6 Qb6 0-1

[Event "25th Abu Dhabi Master 2018"]
[Site "Abu Dhabi"]
[Date "2018.08.13"]
[Round "7"]
[White "Iniyan, Panneerseluam"]
[Black "Petrosian, Tigran L"]
[Result "1/2-1/2"]
[WhiteElo "2464"]
[BlackElo "2610"]
[Annotator "TA"]
[PlyCount "144"]
[EventDate "2018.08.05"]
[EventType "swiss"]
[EventCountry "UAE"]
[SourceTitle "playchess.com"]
[Source "ChessBase"]
[SourceQuality "1"]

1. d4 d6 2. c4 e5 3. Nf3 e4 4. Nfd2 f5 5. Nc3 Nf6 6. e3 c5 7. Nb3 Nc6 8. Be2 g6 9. O-O b6 10. f3 Bg7 11. fxe4 fxe4 12. dxc5 dxc5 13. Nd2 O-O 14. Ndxe4 Nxe4 15. Rxf8+ Kxf8 16. Qxd8+ Nxd8 17. Nxe4 Nf7 18. a4 Bf5 19. Ng3 Bc2 20. a5 Rd8 21. axb6 axb6 22. Ra6 Ne5 23. Rxb6 Nd3 24. Bd2 Nxb2 25. Ba5 Re8 26. Nf1 Ra8 27. Rb5 Bd3 28. Bf3 Bxc4 29. Rxc5 Re8 30. Rc7 Bf7 31. Bb4+ Kg8 32. Rxf7 Kxf7 33. Bd5+ Re6 34. g4 Nd3 35. Bd6 Be5 36. Ba3 Bb2 37. Bxb2 Nxb2 38. Kf2 Ke7 39. Bxe6 Kxe6 40. Kf3 Ke5 41. g5 Nd3 42. Ng3 Ne1+ 43. Kf2 Nd3+ 44. Ke2 Nb4 45. h4 Nc2 46. Kf2 Nb4 47. Kf3 Nd3 48. Nh1 Ne1+ 49. Kf2 Nd3+ 50. Ke2 Nc1+ 51. Kf3 Nd3 52. Nf2 Ne1+ 53. Kg3 Nc2 54. e4 Ne1 55. Kg4 Ng2 56. Kh3 Ne3 57. Kg3 Nf1+ 58. Kf3 Nd2+ 59. Ke3 Nc4+ 60. Kd3 Nb2+ 61. Kc3 Na4+ 62. Kb4 Nb6 63. Kb5 Nd7 64. Kc6 Nf8 65. Kc7 Ne6+ 66. Kd7 Nd4 67. Ke7 Nf3 68. Kf7 Nxh4 69. Kg7 Nf3 70. Kxh7 Nxg5+ 71. Kxg6 Nxe4 72. Nxe4 Kxe4 1/2-1/2

[Event "25th Abu Dhabi Master 2018"]
[Site "Abu Dhabi"]
[Date "2018.08.13"]
[Round "7"]
[White "Vignesh, NR."]
[Black "Sidhant, Mohapatra"]
[Result "1/2-1/2"]
[WhiteElo "2464"]
[BlackElo "2341"]
[Annotator "TA"]
[PlyCount "25"]
[EventDate "2018.08.05"]
[EventType "swiss"]
[EventCountry "UAE"]
[SourceTitle "playchess.com"]
[Source "ChessBase"]
[SourceQuality "1"]

1. d4 d5 2. c4 c6 3. Nf3 Nf6 4. e3 Bf5 5. Bd3 Bg6 6. O-O e6 7. Nc3 Nbd7 8. Bxg6 hxg6 9. Qd3 Bb4 10. Bd2 Bxc3 11. Bxc3 Ne4 12. h3 f5 13. Nd2 1/2-1/2

[Event "25th Abu Dhabi Master 2018"]
[Site "Abu Dhabi"]
[Date "2018.08.13"]
[Round "7"]
[White "Nguyen, Anh Khoi"]
[Black "Sharma, Dushyant"]
[Result "1-0"]
[WhiteElo "2454"]
[BlackElo "2221"]
[Annotator "TA"]
[PlyCount "85"]
[EventDate "2018.08.05"]
[EventType "swiss"]
[EventCountry "UAE"]
[SourceTitle "playchess.com"]
[Source "ChessBase"]
[SourceQuality "1"]

1. d4 Nf6 2. c4 e6 3. g3 d5 4. Bg2 dxc4 5. Nf3 Nc6 6. Qa4 Bb4+ 7. Bd2 Nd5 8. Qb5 Bxd2+ 9. Nbxd2 c3 10. bxc3 Nxc3 11. Qd3 Nd5 12. O-O b6 13. e4 Nde7 14. Rfd1 O-O 15. Nf1 Bb7 16. Ne3 Qd7 17. Rac1 a5 18. a3 Rad8 19. Qc2 Rc8 20. d5 exd5 21. exd5 Nb8 22. Ng5 f5 23. Qa2 Kh8 24. d6 Nec6 25. dxc7 Qxc7 26. Nd5 Qe5 27. Nxb6 Rc7 28. Re1 Qf6 29. Ne6 Rcf7 30. Nd5 Qh6 31. Nxf8 Rxf8 32. Nf4 Qf6 33. Qb1 Ba8 34. Ne6 Rc8 35. Nc7 f4 36. Nxa8 f3 37. Bf1 Rf8 38. Nc7 Ne5 39. Qb5 Nbd7 40. Rcd1 Rb8 41. Qxa5 h6 42. Nd5 Qg5 43. Nf4 1-0

[Event "25th Abu Dhabi Master 2018"]
[Site "Abu Dhabi"]
[Date "2018.08.13"]
[Round "7"]
[White "Halvax, Georg"]
[Black "Rayes, Abdul Kader"]
[Result "1-0"]
[WhiteElo "2437"]
[BlackElo "2242"]
[Annotator "TA"]
[PlyCount "63"]
[EventDate "2018.08.05"]
[EventType "swiss"]
[EventCountry "UAE"]
[SourceTitle "playchess.com"]
[Source "ChessBase"]
[SourceQuality "1"]

1. Nf3 d5 2. g3 Nf6 3. Bg2 c6 4. O-O Bf5 5. d3 e6 6. Nbd2 h6 7. b3 Be7 8. Bb2 O-O 9. Re1 Nbd7 10. e4 Bh7 11. Qe2 a5 12. a3 Ne8 13. c4 dxc4 14. bxc4 Nc5 15. d4 Na4 16. Bc1 c5 17. d5 b5 18. Ne5 b4 19. Nc6 Qd7 20. e5 Bd8 21. axb4 axb4 22. Qe3 Kh8 23. Ne4 exd5 24. cxd5 c4 25. Nc5 Nxc5 26. Rxa8 Bb6 27. Rb8 Ba7 28. Nxa7 Qxa7 29. Rc8 c3 30. Qxc5 Qxc5 31. Rxc5 c2 32. d6 1-0

[Event "25th Abu Dhabi Master 2018"]
[Site "Abu Dhabi"]
[Date "2018.08.13"]
[Round "7"]
[White "Sundararajan, Kidambi"]
[Black "Short, Nigel D"]
[Result "0-1"]
[WhiteElo "2433"]
[BlackElo "2659"]
[Annotator "RC"]
[PlyCount "108"]
[EventDate "2018.08.05"]
[EventType "swiss"]
[EventCountry "UAE"]
[SourceTitle "playchess.com"]
[Source "ChessBase"]
[SourceQuality "1"]

1. Nf3 d5 2. e3 g6 3. c4 Nf6 4. cxd5 Nxd5 5. d4 Bg7 6. Be2 O-O 7. e4 Nb6 8. O-O Bg4 9. Nbd2 c5 10. dxc5 N6d7 11. Nb3 a5 12. Be3 Bxb2 13. Bh6 a4 14. Nbd2 Nxc5 15. Rb1 Bg7 16. Bxg7 Kxg7 17. Qc2 Nbd7 18. h3 Bxf3 19. Nxf3 Qc7 20. Rfd1 Rfc8 21. Bb5 Nf8 22. Qc3+ Kg8 23. Qe3 Nce6 24. Rdc1 Qa5 25. Bc4 Qa7 26. Qxa7 Rxa7 27. Ne5 Ra5 28. Bd5 Rxc1+ 29. Rxc1 Nf4 30. Rc7 e6 31. Nc4 Nxd5 32. exd5 Rxd5 33. Rxb7 Nd7 34. Ra7 Nc5 35. Ra5 Ne4 36. Rxa4 Rd1+ 37. Kh2 Nxf2 38. Ne5 Rd5 39. Ng4 Nxg4+ 40. hxg4 Kg7 41. Kg3 h5 42. gxh5 Rxh5 43. Kf3 f5 44. Ra8 Rh4 45. a4 g5 46. a5 Ra4 47. a6 Kf6 48. a7 Ke5 49. Kg3 Ra3+ 50. Kf2 g4 51. Kf1 Kf4 52. Re8 Rxa7 53. Rxe6 Ra1+ 54. Ke2 Kg3 0-1

[Event "25th Abu Dhabi Master 2018"]
[Site "Abu Dhabi"]
[Date "2018.08.13"]
[Round "7"]
[White "Mammadzada, Gunay Vuqar Qizi"]
[Black "Siva, Mahadevan"]
[Result "1-0"]
[WhiteElo "2426"]
[BlackElo "2331"]
[Annotator "TA"]
[PlyCount "135"]
[EventDate "2018.08.05"]
[EventType "swiss"]
[EventCountry "UAE"]
[SourceTitle "playchess.com"]
[Source "ChessBase"]
[SourceQuality "1"]

1. e4 c5 2. Nf3 d6 3. d4 cxd4 4. Nxd4 Nf6 5. Nc3 a6 6. Be3 Ng4 7. Bg5 h6 8. Bh4 g5 9. Bg3 Bg7 10. h3 Ne5 11. f3 Nbc6 12. Bf2 Be6 13. Qd2 Rc8 14. O-O-O Ng6 15. Kb1 Nxd4 16. Bxd4 Bxd4 17. Qxd4 Qa5 18. h4 Qc5 19. Qd2 Nxh4 20. f4 Bg4 21. Re1 Ng6 22. f5 Ne5 23. Re3 e6 24. f6 b5 25. a4 Nc4 26. Bxc4 bxc4 27. Rg3 Rb8 28. Ka1 Kd7 29. Rxg4 Qe5 30. Rh3 Rb6 31. Nd1 Rhb8 32. Rc3 Qa5 33. e5 Qxa4+ 34. Kb1 Qb5 35. Rgxc4 Qxe5 36. Rc7+ Ke8 37. Qe3 Qxf6 38. Rc8+ Rxc8 39. Rxc8+ Kd7 40. Qxb6 Kxc8 41. Qc6+ Kb8 42. Qxd6+ Kb7 43. Ne3 Qf2 44. Qb4+ Kc6 45. Qe4+ Kd6 46. Nc4+ Ke7 47. Ne5 Qg1+ 48. Ka2 Qb6 49. b3 f5 50. Qe2 g4 51. Nd3 Qd4 52. Qd2 Qd5 53. g3 Qd6 54. Qe3 h5 55. Nf4 Qc6 56. c4 a5 57. Qa7+ Kf6 58. Qxa5 Qf3 59. Qd8+ Ke5 60. Qa5+ Ke4 61. Qe1+ Kd4 62. Nxe6+ Kd3 63. Nf4+ Kc2 64. Qb1+ Kc3 65. Qb2+ Kb4 66. Qd2+ Kc5 67. Qd5+ Qxd5 68. cxd5 1-0

[Event "25th Abu Dhabi Master 2018"]
[Site "Abu Dhabi"]
[Date "2018.08.13"]
[Round "7"]
[White "Sadhwani, Raunak"]
[Black "Gomes, Mary Ann"]
[Result "1-0"]
[WhiteElo "2424"]
[BlackElo "2303"]
[Annotator "TA"]
[PlyCount "80"]
[EventDate "2018.08.05"]
[EventType "swiss"]
[EventCountry "UAE"]
[SourceTitle "playchess.com"]
[Source "ChessBase"]
[SourceQuality "1"]

1. e4 c5 2. b3 b6 3. Bb2 Bb7 4. Nc3 Nc6 5. f4 Nd4 6. Nf3 Nf6 7. d3 Qc7 8. Qd2 Nxf3+ 9. gxf3 a6 10. O-O-O d5 11. Nxd5 Nxd5 12. exd5 Bxd5 13. Rg1 e6 14. Bxg7 Bd6 15. Qf2 Rg8 16. Bf6 Bxf4+ 17. Kb1 Kd7 18. Rg4 h5 19. Rh4 Rg6 20. Bb2 Bg5 21. Rxh5 Qf4 22. Be2 Qe3 23. Qf1 Bf6 24. d4 Bxd4 25. Bxd4 cxd4 26. Bxa6 Kc7 27. Bc4 Bxf3 28. Rh3 Rf6 29. Rd3 Qe5 30. Rdxf3 Rxf3 31. Rxf3 f5 32. Rg3 Rh8 33. Qg1 b5 34. Bd3 b4 35. Kb2 Ra8 36. Rg7+ Kb6 37. Rd7 Kc5 38. Rb7 Ra5 39. Qg8 Qd6 40. Qc8+ Kd5 1-0

[Event "25th Abu Dhabi Master 2018"]
[Site "Abu Dhabi"]
[Date "2018.08.13"]
[Round "7"]
[White "G, Akash"]
[Black "Saduakassova, Dinara"]
[Result "1-0"]
[WhiteElo "2410"]
[BlackElo "2495"]
[Annotator "TA"]
[PlyCount "113"]
[EventDate "2018.08.05"]
[EventType "swiss"]
[EventCountry "UAE"]
[SourceTitle "playchess.com"]
[Source "ChessBase"]
[SourceQuality "1"]

1. e4 c5 2. Nf3 e6 3. d4 cxd4 4. Nxd4 Nc6 5. Nc3 Qc7 6. Be2 Nf6 7. O-O a6 8. Be3 Be7 9. f4 d6 10. a4 O-O 11. Kh1 Nxd4 12. Qxd4 Bd7 13. e5 Ne8 14. Ne4 Bc6 15. Bf3 Rd8 16. Qc3 Qb8 17. Bd4 Rc8 18. Qe3 Qc7 19. a5 Bd5 20. b3 dxe5 21. fxe5 f5 22. exf6 Nxf6 23. Ng5 Qd7 24. c4 Bxf3 25. Rxf3 Rc6 26. Raf1 Rd8 27. Bxf6 Bxf6 28. Ne4 Bd4 29. Qg5 Rcc8 30. Rd1 Qc6 31. Qh4 Qe8 32. Rxd4 Rxd4 33. Nf6+ gxf6 34. Rg3+ Kf8 35. Qxd4 Qf7 36. h3 Ke7 37. Rd3 Qe8 38. Qe4 Rc7 39. Qxh7+ Qf7 40. Qh8 Qf8 41. Qh7+ Qf7 42. Qh8 Qf8 43. Qh4 e5 44. Rd5 Ke6 45. Qg4+ Ke7 46. Qh4 Ke6 47. Qf2 Qb4 48. Qg3 Qf8 49. Qd3 Qh6 50. Qd1 Qe3 51. Rd3 Qg5 52. Qf3 Kf7 53. Qd5+ Kg7 54. Kh2 Qf4+ 55. Rg3+ Kh6 56. Qg8 Kh5 57. Qe8+ 1-0